00725nam a2200241 a 4500001001300000003000900013005001700022008004100039020002300080082001900103100001800122245006400140260003600204300001000240500003500250505001000285650001800295700001800313902000800331942000700339952012000346999001700466nice12345678IN_TiNIC20260116014011.0130930s2003 newa grp 000 0 eng  a9780141015057c39900a341.7588bCHO1 aChomsky, Noam aHegemony or Survivalb America`s Quest for Global Dominance aNew DelhibPenguin Books c2003 a301p  aincludes index and biblioraphy2 aIndex aGlobalization1 aChomsky, Noam bSRS cBK 001040708StackRoom-aHMIbHMId2013-09-30g399.00l0o341.7588 CHO1p024106r2013-09-30v399.00w2013-09-30yBK c13439d13439